Länder Flaggen Trivia - Statistiken

Allgemein
  • Dieses Quiz wurde 136 mal gespielt
  • Das Durchschnittsergebnis liegt bei 13 aus 19
Antwortstatistiken
Frage Antwort % Korrekt
Die Flagge welchen Landes besteht aus einem roten Kreis in einem weißen Feld? Japan
97%
Was bedeuten die Sterne auf der US-Flagge? Die 50 Staaten
96%
Was für ein Stern ist auf Israelsflagge? {David}stern
95%
Welches Objekt ist auf der Flagge Kanadas abgebildet? Ahornblatt
89%
Welches ist das einzige Land, das eine nicht rechteckige Flagge hat? Nepal
87%
Welche europäischen Länder haben eine Flagge mit einem rot-weiß-blauenStreifen - und sonst nichts? Niederlande
86%
Welches Objekt ist auf der Flagge von Argentinien und Uruguay abgebildet? Sol de Mayo
86%
Welcher Name wird oft für die Flagge des Vereinigten Königreichs verwendet? {Union} Jack
83%
Welche europäischen Länder haben eine Flagge mit einem rot-weiß-blauenStreifen - und sonst nichts? Luxemburg
81%
Welche europäischen Länder haben eine Flagge mit einem rot-weiß-blauenStreifen - und sonst nichts? Frankreich
80%
Nenne eines der drei Länder mit einem Doppeladler auf seiner Flagge Albanien | Montenegro | Serbien
78%
Welches afrikanische Land hat eine Flagge, die sich der Flagge der USA ähnelt? Liberia
73%
Welche europäischen Länder haben eine Flagge mit einem rot-weiß-blauenStreifen - und sonst nichts? Russland
60%
Auf wessen Flagge findet man die Worte "Ordem e Progresso"? Brasilien
49%
Welches Objekt ist auf den Flaggen der Türkei, der Malediven und vieler anderer islamischer Länder abgebildet? Mondsichel
46%
Die Flagge welchen Landes zeigt ein traditionelles Maasai-Schild? Kenia
43%
Welche Art von Baum ist auf der Flagge des Libanon abgebildet? Zeder
32%
Welches Sternbild ist auf den Flaggen von Australien, Neuseeland und Brasilien zu sehen? Kreuz des Südens
20%
Welcher exotische Vogel ist auf der Flagge von Papua-Neuguinea abgebildet? Paradiesvogel
14%
Keine übereinstimmenden Quizze gefunden
Verteilung der Resultate
Anzahl Personen mit jedem Resultat
Perzentil nach korrekt beantworteten Fragen
Ihre Resultats-Entwicklung
Sie haben dieses Quiz noch nicht gespielt